00448nam a2200133 a 450000500170000000800410001702000150005805000240007324500850009725000140018226000610019630000330025765000240029020140310182405.0970101s19uu xx 00 eng d a070699213X aLB 1501b.H847 1995 aHow? What ? Why ? my book of general knowledge 3 /cMadhuban Educational Books. areprinted aJangpara , N.D :bVikas Publishing house Put Ltd,c1995. a48 p. :bcol. ill. ;c24 cm. aIntelligence tests